000 01833nam a2200337 i 4500
001 991061727876006706
003 ES-BaIT
005 20260227131131.0
008 260227e202509 fr r 000 d fre c
020 _a9782749816821
040 _aES-BaIT
_bcat
_erda
_cES-BaIT
080 _a840-2"19"
100 1 _aValensi, Samuel
_eautor
_9168748
245 1 0 _aMade in France /
_cSamuel Valensi, Paul-Éloi Forget
264 1 _aParis :
_bL'avant-scène théâtre,
_cseptembre 2025
300 _a110 pàgines ;
_c21 cm
336 _atext
_btxt
_2rdacontent
337 _asense mediació
_bn
_2rdamedia
338 _avolum
_bnc
_2rdacarrier
490 1 _aL'Avant-scène théâtre ;
_vno 1580
500 _aP10: D6, H4
500 _aPublicat com no 1580 (septembre 2025) de la revista L'Avant-scène théâtre
500 _aEstrena Théâtre de Belleville, el 9 de març de 2025
520 _a"Après tout ce temps passé à l’attendre derrière les barreaux, ça y est, Émile a obtenu sa peine aménagée. Dès demain, il passera ses journées à l’usine et ses nuits en centre de détention, de quoi rêver d’une sortie rapide pour bonne conduite. Problème : l’usine où il s’apprête à travailler délocalise. Émile n’a plus le choix. Pour se sauver, il faut qu’il devienne le meilleur des syndicalistes, sauve l’usine, ses collègues et, peut-être, au passage, le pays tout entier.Made in France est un spectacle qui raconte le combat d’hommes et de femmes prêts à tout pour sauver l’industrie française… enfin… à tout, sauf à faire quelque chose."-- Contracoberta
650 0 _aSindicalistes
_vTextos dramàtics
_9168749
700 1 _aForget, Paul-Éloi
_eautor
_9168750
830 _aAvant-scène.
_pThéâtre
_vno 1580
_9168170
908 _aCDMAE
940 _aCDMAE
942 _2udc
_c1
999 _c137169
_d137169